History Quiz

Random History or Clickable Quiz

Women in American Politics Match-Up Quiz Stats

 Plays Quiz Updated May 31, 2014

Challenge
Share
Tweet
Score 0/20 Timer 04:00
2 Plays Today
% Correct
Hillary
98.8%
Condoleezza
96.4%
Sarah
96.2%
Nancy
92.2%
Madeleine
88.2%
Janet
81.4%
Michele
80.9%
Gabrielle
80.1%
Elizabeth
77%
Geraldine
76.5%
% Correct
Dianne
76.4%
Barbara
69.1%
Jan
56.5%
Kathleen
56.4%
Nikki
52.7%
Kirsten
51.6%
Maxine
51.1%
Susana
48.3%
Jeannette
41.7%
Jennifer
39.6%

You're not logged in!

Compare scores with friends on all Sporcle quizzes.
OR
Log In

You Might Also Like...

Show Comments

Extras

Top Quizzes Today


Score Distribution

Your Account Isn't Verified!

In order to create a playlist on Sporcle, you need to verify the email address you used during registration. Go to your Sporcle Settings to finish the process.

Report this User

Report this user for behavior that violates our Community Guidelines.

Details: